Normal view
MARC view
Entry Personal Name
001 - CONTROL NUMBER
- control field: 535229
003 - CONTROL NUMBER IDENTIFIER
- control field: OSt
005 - DATE AND TIME OF LATEST TRANSACTION
- control field: 20220930075001.0
008 - FIXED-LENGTH DATA ELEMENTS
- fixed length control field: 220930|| aca||aabn | a|a d
040 ## - CATALOGING SOURCE
- Original cataloging agency: OSt
- Transcribing agency: OSt
100 ## - HEADING--PERSONAL NAME
- Personal name: Arora Raksha
670 ## - SOURCE DATA FOUND
- Source citation: Work cat.: (OSt)867417: Arora Raksha, Personality correlates of effective teachers, 2002
